000 00528nam a2200193Ia 4500
003 GCL
005 20240530095941.0
008 140319s9999 xx 000 0 aGer d
040 _aGCL /
_cGCL
082 0 4 _a779
_bM P
100 1 _aMENNA, FILIBERTO
245 1 0 _aPIETRO MELECCHI: OPERE DAL 1946 AL 1983 DIPINTIE FOTOGRAFIE /
_cMENNA, FILIBERTO
260 _a[S.N] :
_bA CURA\DI CARNUNE ،
_c1970
650 0 4 _aMELECCHI, PIETRE
650 0 4 _aPHOTOGRAPHY
650 0 4 _aITALY
650 0 4 _aPHOTOGRAPHERS
942 _2ddc
_cBK
999 _c12431
_d12431